000 00442nam a22001457a 4500
008 230619b xxu||||| |||| 00| 0 eng d
020 _a0853655642
082 _a011.2
_bWAL
100 _cA.J Walford
245 _aWalford's Guide to reference Material
_bFourth Edittion Volume 2
_cSocial & Historical Sciences, Philosophy & Religion
260 _aBritain
_bLibrary Association
_c1982
300 _a812p
440 _vVolume 2
942 _2ddc
_cBK
999 _c1201
_d1201